Entry Nombre personal
001 - NÚMERO DE CONTROL
- campo de control: 242368
003 - IDENTIFICADOR DE NÚMERO DE CONTROL
- campo de control: SpMaBN
005 - FECHA Y HORA DE LA ÚLTIMA TRANSACCIÓN
- campo de control: 20251016162854.0
008 - ELEMENTOS DE DATO DE LONGITUD-FIJA
- campo de control de longitud fija: 901120n| aijnnaabn a aaa
016 ## - NÚMERO DE CONTROL DE UNA AGENCIA BIBLIOGRÁFICA NACIONAL
- Número de control del registro: BNE19900205388
024 7# - IDENTIFICADOR DE OTROS ESTÁNDARES
- Número estándar o código: http://viaf.org/viaf/59086729/
- Fuente: viaf
024 8# - IDENTIFICADOR DE OTROS ESTÁNDARES
- Número estándar o código: https://data.cervantesvirtual.com/person/10143
024 7# - IDENTIFICADOR DE OTROS ESTÁNDARES
- Número estándar o código: https://isni.org/isni/0000000121348039
- Fuente: isni
024 7# - IDENTIFICADOR DE OTROS ESTÁNDARES
- Número estándar o código: http://www.wikidata.org/entity/Q187765
- Fuente: wikidata
040 ## - FUENTE DE CATALOGACIÓN
- Centro catalogador/agencia de origen: SpMaBN
- Lengua de catalogación: spa
- Centro/agencia transcriptor: SpMaBN
- Normas de descripción: rdc
- Convención/Normas de encabezamiento de materia/tesauro: embne
046 ## - FECHAS CON CODIFICACIÓN ESPECIAL
- Fecha de nacimiento: 1891
- Fecha de la muerte: 1980
100 1# - ENCABEZAMIENTO-NOMBRE DE PERSONA
- Nombre de persona: Miller, Henry,
- Fechas asociadas al nombre: 1891-1980
370 ## - LUGAR ASOCIADO
- Lugar de nacimiento: Nueva York
- Número de control del registro de autoridad o número normalizado: XX450884
- Fuente de información: Wikidata
374 ## - OCUPACIÓN
- Ocupación: Ensayistas
- Ocupación: Novelistas
- Ocupación: Pintores
- Ocupación: Escritores
- Fuente de información: Wikidata
375 ## - GÉNERO/SEXO
- Género: Masculino
377 ## - IDIOMA ASOCIADO
- Término de lengua/lenguaje: Inglés
670 ## - FUENTE DE DATOS ENCONTRADOS
- Cita de la fuente: Nexus, 1987
670 ## - FUENTE DE DATOS ENCONTRADOS
- Cita de la fuente: El gall foll, 1992
- Información encontrada: port. (Henry Miller) p. 4 de la cub. (1891-1980; n. a Nova York i m. a Califòrnia)
670 ## - FUENTE DE DATOS ENCONTRADOS
- Cita de la fuente: WWW LC auth. file, 8-1-2001
- Información encontrada: (Miller, Henry, 1891- ; m. 7-6-1980)
